Ekonomické a právne aspekty podnikania v cestovnom ruchu diplomová práca

Na minha lista:
Detalhes bibliográficos
Autor principal: Pšenková, Andrea
Autor Corporativo: Obchodná fakulta EU. Katedra obchodného práva
Outros Autores: Sabo, Mikuláš
Formato: Livro
Idioma:eslovaco
Publicado em: Bratislava 2011
Tags: Adicionar Tag
Sem tags, seja o primeiro a adicionar uma tag!

MARC

LEADER 00000nam a2200000 4500
001 0143064
005 20240318124711.8
041 0 |a slo 
044 |a SK 
245 1 0 |a Ekonomické a právne aspekty podnikania v cestovnom ruchu  |b diplomová práca  |c Andrea Pšenková ; školiteľ: Mikuláš Sabo 
264 1 |a Bratislava  |c 2011 
300 |a 120 s. 
100 1 |a Pšenková, Andrea 
700 1 |a Sabo, Mikuláš 
710 2 |a Obchodná fakulta EU. Katedra obchodného práva